|
|
|
|
| LEADER |
00000nam1a2200000 4500 |
| 001 |
262089 |
| 005 |
20231101233624.0 |
| 035 |
|
|
|a (RuTPU)RU\TPU\book\285071
|
| 035 |
|
|
|a RU\TPU\book\257516
|
| 035 |
|
|
|a RU\TPU\book\286525
|
| 090 |
|
|
|a 262089
|
| 100 |
|
|
|a 20140609d1968 k y0rusy50 ca
|
| 101 |
0 |
|
|a rus
|
| 102 |
|
|
|a LV
|
| 200 |
1 |
|
|a Вентиляция и кондиционирование воздуха
|e сборник научных трудов
|f Рижский политехнический институт
|
| 210 |
|
|
|a Рига
|c Изд-во Рижского политехнического ин-та
|d 1968-1990
|
| 712 |
0 |
2 |
|a Рижский политехнический институт
|2 stltpush
|3 (RuTPU)RU\TPU\col\7561
|9 24345
|
| 801 |
|
1 |
|a RU
|b 63413507
|c 20140529
|
| 801 |
|
2 |
|a RU
|b 63413507
|c 20150422
|g RCR
|
| 942 |
|
|
|c BK
|